LEADER 01573nam0 2200325 450 001 000027206 005 20100322134333.0 010 $a978-88-568-1283-1 100 $a20100322d2009----km-y0itay50------ba 101 0 $aita 102 $aIT 105 $ay-------001yy 200 1 $aProduzioni agroalimentari tra rintracciabilità e sicurezza$eanalisi economiche e politiche d'intervento$eatti del 44. Convegno di studi$eTaormina, 8-10 novembre 2007$fSocietà italiana di economia agraria$gcura di Mario D'Amico e Maurizio Lanfranchi 210 $aMilano$cFranco Angeli$dc2009 215 $a556 p.$d23 cm 225 2 $aSIDEA 410 0$12001$aSIDEA 500 10$aProduzioni agroalimentari tra rintracciabilità e sicurezza: analisi economiche e politiche d'intervento : atti del 44. Convegno di studi : Taormina, 8-10 novembre 2007$942860 517 1 $aProduzioni agroalimentari tra rintracciabilita e sicurezza 610 1 $aAziende agroalimentari$aProduzione$aControllo di qualità 610 1 $aIndustria agroalimentari$aItalia$aCongressi$a2007 676 $a338.16$v20$9Agricoltura. Efficienza produttiva 702 1$aD'Amico,$bMario 702 1$aLanfranchi,$bMaurizio 710 02$aSocietà italiana di economia agraria$0285557 801 0$aIT$bUNIPARTHENOPE$c20100322$gRICA$2UNIMARC 912 $a000027206 951 $a338-P/62$b42129$cNAVA1$d2010 996 $aProduzioni agroalimentari tra rintracciabilità e sicurezza: analisi economiche e politiche d'intervento : atti del 44. Convegno di studi : Taormina, 8-10 novembre 2007$942860 997 $aUNIPARTHENOPE LEADER 01385nam0 22003011i 450 001 UON00499475 005 20231205105408.113 010 $a978-88-999823-8-6 100 $a20191031d2017 |0itac50 ba 101 $aita 102 $aIT 105 $a|||| ||||| 200 1 $aˆL'‰Africa delle città$eUrban Africa$fa cura di Alessandro Gusman e Cecilia Pennacini. -Torino$eaAccademia University Press$eCentro piemontese di studi africani, 2017 210 $axxvi$d381 p.$cill. ; 21 cm 517 1$3UON00501659$aUrban Africa 606 $aUrbanizzazione$xAfrica$3UONC025512$2FI 620 $aIT$dTorino$3UONL000014 676 $a307.24$cMOVIMENTO DALLE COMUNITA' RURALI ALLE URBANE$v21 702 1$aGUSMAN$bAlessandro$3UONV222612 702 1$aPennacini$bCecilia$3UONV045218 712 $aAccademia University Press$3UONV285003$4650 801 $aIT$bSOL$c20250808$gRICA 899 $aSIBA - SISTEMA BIBLIOTECARIO DI ATENEO$2UONSI 912 $aUON00499475 950 $aSIBA - SISTEMA BIBLIOTECARIO DI ATENEO$dSI GEN 1103 $eSI 33814 7 1103 $sTesto d'esame 951 $aSIBA - SISTEMA BIBLIOTECARIO DI ATENEO$bSI20191311 1J 20191031 996 $aAfrica delle città$91565304 997 $aUNIOR